Statistics for OneRepublic - "Counting Stars"

Click here to take the quiz!

General Stats

  • This quiz has been taken 2,696 times
  • The average score is 90 of 110

Answer Stats

HintAnswer% Correct
I've been losing _____sleep
98%
We'll be counting _____, | we'll be counting _____. | we'll be, we'll be counting _____. | yeah we'll be counting _____.stars
98%
________ about the things that we could beDreaming
95%
Said, no more counting _______,dollars
92%
______ I've been,Lately
92%
Old, but I'm not that ___old
92%
I feel something so _____ | doing the _____ thingright
91%
And I feel something so _____ | doing the _____thingwrong
91%
Everything that kills me, makes me feel _____alive
89%
Young, but I'm not that ____bold
89%
I'm just ______ what we're tolddoing
89%
I don't think the _____ is soldworld
88%
Seek it out and you shall ____find
84%
I couldn't ___, couldn't ___, couldn't ___lie
84%
Make that money, watch it ____burn
82%
Swing my _____ across the lineheart
79%
I see this life like a swinging ____vine
77%
Take that _____money
76%
But baby, I've been, I've been _______ hard,praying
76%
_____ it burnWatch
74%
Down this _____, every turnriver
69%
And my ____ is flashing signsface
61%
The lessons are _______learned
61%
I feel the ____ and I feel it burnlove
59%
Everything that me, makes me wanna ___fly
58%
____ is a four-letter wordhope
55%
Everything that _____ me, makes feel alivekills
52%
____ in the riversink
48%

Score Distribution

Percentile by Number Answered

Percent of People with Each Score

Your Score History

You have not taken this quiz